Word Ladder: Oh Myyy, George Takei Quiz Stats

 Plays Quiz Updated Jul 9, 2014

Support Sporcle.
Go Orange.
Score 0/45 Timer 05:00
1 Play Today
Hint 4-Letter Word % Correct
A twinkling bright spot in the skySTAR
98.9%
Things are not always what they _____SEEM
96.7%
A person between 12 and 20TEEN
95.1%
Opposite of heavenHELL
94.9%
Show-and-______TELL
94.4%
Sneak a lookPEEK
93.3%
One of 18 on a golf courseHOLE
93.1%
To scorch the surface of a steakSEAR
92.7%
An old faucet may do thisLEAK
92.7%
Push and _____PULL
92.6%
Blueish-green colorTEAL
92.6%
Make sound with a car hornHONK
92.3%
A very attractive maleHUNK
92.1%
Large green AvengerHULK
92%
A fortunetellerSEER
91.8%
1.60934 kilometersMILE
91.7%
A vegetable in the onion and garlic familyLEEK
91.7%
Tylenol or Viagra unitPILL
91.3%
A ship's bodyHULL
91.2%
'How do I love ______?'THEE
90.9%
Sharpen, as a skillHONE
90.5%
A heapPILE
90.5%
At the time in questionTHEN
90.3%
Hint 4-Letter Word % Correct
Zero, in tennisLOVE
90.3%
Band Jethro ____TULL
90.1%
Shel Silverstein's 'The Giving _____'TREE
89.8%
A tropical hardwood treeTEAK
89.8%
Not recorded, like musicLIVE
89%
One end of a hammerPEEN
88.9%
A document used to convey propertyDEED
88.8%
Going solo, like the famed RangerLONE
88.7%
Fruit for a CoronaLIME
88.6%
Not shortLONG (and prosper)
88.3%
A long, often arduous journeyTREK
87.2%
To consider something in a certain wayDEEM
87.1%
Marcel Marceau was oneMIME
86.5%
Pamplona goring animalBULL
84.8%
To mope, brood or be sullenSULK
82%
Movie/TV streaming siteHULU
81.2%
A large amount of massBULK
80.6%
The _____ Scott decision from 1857DRED
79.2%
George's most famous roleSULU
76.3%
Yiddish term for trash or rubbishDREK
75%
Where George's character workedHELM
62.3%
Actor Ian who played BilboHOLM
61.4%

Today's Daily Dose

Missing Word
Food in Lyrics

Word Ladder
Bouquet

You're not logged in!

Compare scores with friends on all Sporcle quizzes.
OR
Log In

From the Vault

Canstruction: Brands, Logos & Products

by sproutcm

Aluminum is a great material, but building everything out of it seems like a weird idea.
Remove Ads.
Support Sporcle.
Get the best of Sporcle when you Go Orange. This ad-free experience offers more features, more stats, and more fun while also helping to support Sporcle. Thank you for becoming a member.

Show Comments

Extras

Top Quizzes Today


Score Distribution

Your Account Isn't Verified!

In order to create a playlist on Sporcle, you need to verify the email address you used during registration. Go to your Sporcle Settings to finish the process.

Report this User

Report this user for behavior that violates our Community Guidelines.

Details: